• 首页
  • 本馆介绍
  • 公告通知
  • 最新文献
  • 馆藏检索
  • 电子资源
  • 读者导购
  • 参考咨询
  • 我的图书馆
  • 登录
  • 详细信息显示
  • 放入我的书架
  • 预约/预借图书
  • 作者相关作品
  • 分类相关作品
  • 丛书相关作品
  • 出版社相关作品

书目信息

  • 表格格式
  • 工作单格式
  • 卡片格式
题名:
南斯拉夫史
    
 
作者: 博日奇 著 ;赵乃斌 译
分册: 下册  
出版信息: 北京   商务印书馆  1984
页数: 477-861页
开本: 21cm
丛书名:
单 册:
中图分类: K543.0
科图分类:
主题词: 南欧--历史
电子资源:
ISBN:
000 00727nam0 2200253 45
001 0184012343
005 20060331113657.51
010    @dCNY4.45
091    @a11017.575
100    @a19950526d1984 em y0chiy0121 ea
101 1  @achi
102    @aCN@b110000
105    @ac z 000yy
200 10 @a南斯拉夫史@Anan si la fu shi@h下册@f(南)伊万·博日奇等著@F(nan)yi wan·bo ri qi deng zhu@g赵乃斌译
210    @a北京@c商务印书馆@d1984
215    @a477-861页@c照片@d21cm
510 1  @aIstorjia Jugoslavije@zeng
606 0  @a南欧@x历史
690    @aK543.0@v4
701  0 @a博日奇@Abo ri qi@4著
702  0 @a赵乃斌@Azhao nai bin@4译
801  0 @aCN@b上海图书馆@c20060331
801  2 @aCN@bNLC@c20060327
905    @dK543.0@e3:2
    
    南斯拉夫史.下册/(南)伊万·博日奇等著/赵乃斌译.-北京:商务印书馆,1984
    477-861页:照片;21cm
    
    
    ISBN :CNY4.45
    
●
相关链接 在E读中查询图书 在五车中查询图书 在当当中查询图书 在豆瓣中查询图书


正题名:南斯拉夫史     索取号:K543.0/3:2         预约/预借

序号 登录号 条形码 馆藏地/架位号 状态 备注
1 0120621   202232342   密集书库/ [索取号:K543.0/3:2] 在馆    
2 0120622   001394752   第二样本阅览室/ [索取号:K543.0/3:2] 在馆    
3 0120623   202239773   密集书库/ [索取号:K543.0/3:2] 在馆    
唐山师范学院图书馆 欢迎您!
大连网信软件有限公司© 版权所有